Eniten appelsiineja tuottavat valtiot - Statistics

Yleistilastot
  • Tätä visaa on pelattu 728 kertaa
  • Keskiarvotulos 14 / 20
Vastaustilastot
Tuotanto Valtio % Oikein
17 615 667 Brasilia
95%
2 714 960 Espanja
90%
7 759 257 Kiina
89%
2 256 170 Yhdysvallat
88%
1 044 468 Argentiina
84%
4 942 659 Meksiko
84%
3 927 000 Intia
82%
1 835 970 Italia
82%
755 155 Kolumbia
77%
865 880 Kreikka
74%
3 700 000 Egypti
72%
674 346 Marokko
70%
570 336 Peru
69%
2 311 335 Turkki
68%
2 923 349 Indonesia
67%
1 359 556 Algeria
58%
1 611 657 Etelä-Afrikka
54%
2 246 848 Iran
50%
1 823 772 Vietnam
50%
700 522 Ghana
14%
Ehtoja vastaavia visoja ei löytynyt
Tulosjakauma
Jokaisen tuloksen saaneiden osuus
Persentiili vastausten määrän mukaan
Tuloshistoriasi
Et ole pelannut tätä visaa